A Study on Situational Awareness with Data Intelligence and Machine Learning

Saved in:
Bibliographic Details
Main Author: Nguyen Thu, Giang (Author)
Other Authors: (Thesis advisor)
Format: Manuscript Book
Language:Slovak
English
Published: 2023
Subjects:
Online Access:http://is.stuba.sk/zp/portal_zp.pl?podrobnosti_zp=91329
Tags: Add Tag
No Tags, Be the first to tag this record!

MARC

LEADER 00000ntm a22000003a 4500
001 stuzp91329
003 SK-STU
005 20230311210220.6
007 ta
008 150427s2015----xo-----f-mn---000-0-slo-d
040 |a STU  |b slo 
041 0 |a eng 
100 1 |a Nguyen Thu, Giang  |u 070200  |k Z1  |4 aut  |U FIIT Fakulta informatiky a informačných technológií  |T FIIT Ústav informatiky, informačných systémov a softvérového inžinierstva  |X 90747  |U I200  |Y 179  |7 90747 
242 0 1 |a Štúdia o situačnom povedomí s dátovou inteligenciou a strojovým učením  |y slo 
245 1 0 |a A Study on Situational Awareness with Data Intelligence and Machine Learning 
260 |c 2023 
650 4 |a situačné povedomie  |2 slo 
650 4 |a dátová inteligencia  |2 slo 
650 4 |a strojové učenie  |2 slo 
650 4 |a situational awareness  |2 eng 
650 4 |a machine learning  |2 eng 
650 4 |a data intelligence  |2 eng 
700 1 |a ,  |4 ths  |X null  |7 null 
856 4 |u http://is.stuba.sk/zp/portal_zp.pl?podrobnosti_zp=91329